Normale Ansicht MARC-Ansicht ISBD

Kirchenbücher, Kirchenbuch-Duplikate und Standesamtsregister der ehemals brandenburgischen Kreise Königsberg, Soldin, Landsberg, Arnswalde, Friedeberg, Ost- und Weststernberg, Crossen, Züllichau-Schwiebus, Guben und Sorau (östl. der Neiße), Schwerin, Meseritz, Bomst (Titelsatznr. 76733)

[ MARC ]
MARC-Details
000 -Satzkennung
Kontrollfeld mit fester Länge 00840nam a2200205 4500
001 - Kontrollnummer
Kontrollfeld 16333
005 - Datum und Zeit der letzten Transaktion
Kontrollfeld 20201125173430.0
007 - Feld mit fester Länge zur physischen Beschreibung - Allgemeine Information
Kontrollfeld mit fester Länge tu
008 - Feld mit fester Länge zur physischen Beschreibung - Allgemeine Angaben
Kontrollfeld mit fester Länge 111004s2008||||||| ger
020 ## - Internationale Standardbuchnummer
Internationale Standardbuchnummer 9783981062809
245 00 - Titel
Titel Kirchenbücher, Kirchenbuch-Duplikate und Standesamtsregister der ehemals brandenburgischen Kreise Königsberg, Soldin, Landsberg, Arnswalde, Friedeberg, Ost- und Weststernberg, Crossen, Züllichau-Schwiebus, Guben und Sorau (östl. der Neiße), Schwerin, Meseritz, Bomst
Zusatz zum Titel Bestandsverzeichnis 2008
Verfasserangabe etc. Georg Grüneberg
264 ## - Produktion, Veröffentlichung, Distribution, Herstellung und Urheberrechtsvermerk
Herstellungs-, Veröffentlichungs- Vertriebs-, Erzeugungsort Lenzen (Elbe)
Produzent, Herausgeber, Distributor, Hersteller G. Grüneberg
Datum der Herstellung, der Veröffentlichung, des Vertriebs oder des Urheberschutzvermerks 2008
300 ## - Physische Beschreibung
Umfang 304 S.
365 ## - Handelspreis
Währungscode
440 #0 - Gesamttitelangabe/Nebeneintragung unter dem Gesamttitel - Sachtitelwerk
Titel Quellen und Schriften zur Bevölkerungsgeschichte der Mark Brandenburg
Bandnummer/Folgebezeichnung 11
Datensatzkontrollnummer R1156
546 ## - Fußnote zur Sprache
Sprache deutsch
650 04 - Nebeneintragung unter einem Schlagwort - Sachschlagwort
Sachschlagwort oder geografischer Name als Eintragungselement Brandenburg
650 04 - Nebeneintragung unter einem Schlagwort - Sachschlagwort
Sachschlagwort oder geografischer Name als Eintragungselement Vor 1945
700 1# - Nebeneintragung - Personenname
Personenname Grüneberg, Georg
Funktionsbezeichnung Hrsg.
Exemplare
Ausgeschieden Verloren Klassifikation oder Aufstellungssystematik Beschädigt Nicht entleihbar Heimatbibliothek Aufenthaltsbibliothek Aufstellungsort Erwerbungsdatum Kodierter Standort-Qualifier Anzahl Ausleihen Signatur Letzte Aktivität Exemplarnummer Preis gültig von Koha-Medientyp
    Andere/Generische Klassifikation     Stadtarchiv Frankfurt (Oder) | Archivbibliothek Stadtarchiv Frankfurt (Oder) | Archivbibliothek Magazin 25/11/2020 M   II: 4511 25/11/2020 111/2011 25/11/2020 Bücher